ბათუმის შოთა რუსთაველის სახელმწიფო უნივერსიტეტის ბიბლიოთეკა

Modern Architecture A-Z / (ბიბ.ჩანაწერი № 56488)

000 -LEADER
fixed length control field 00880nam a2200265Ia 4500
001 - CONTROL NUMBER
control field 23601
003 - CONTROL NUMBER IDENTIFIER
control field GE_BSU
005 - DATE AND TIME OF LATEST TRANSACTION
control field 20191007161328.0
008 - FIXED-LENGTH DATA ELEMENTS--GENERAL INFORMATION
fixed length control field 181216s||||||||xx |||||||||||||| ||und||
020 ## - INTERNATIONAL STANDARD BOOK NUMBER
International Standard Book Number 9783836556316
040 ## - CATALOGING SOURCE
Transcribing agency GE_BSU
080 ## - UNIVERSAL DECIMAL CLASSIFICATION NUMBER
Universal Decimal Classification number 72
245 ## - TITLE STATEMENT
Title Modern Architecture A-Z /
Statement of responsibility, etc. Edited by : Aurelia & Balthazar Taschen. with text by Katja Gazey, Peter Gossel and others.
260 ## - PUBLICATION, DISTRIBUTION, ETC.
Date of publication, distribution, etc. New York :
Place of publication, distribution, etc. Taschen,
Name of publisher, distributor, etc. 2016
300 ## - PHYSICAL DESCRIPTION
Extent 694 p. 24cm. ill.
300 ## - PHYSICAL DESCRIPTION
Accompanying material Index p.: 684-693
653 ## - INDEX TERM--UNCONTROLLED
Uncontrolled term Modern Architecture A-Z
653 ## - INDEX TERM--UNCONTROLLED
Uncontrolled term Архитектура
653 ## - INDEX TERM--UNCONTROLLED
Uncontrolled term არქიტექტურა
700 ## - ADDED ENTRY--PERSONAL NAME
Personal name Taschen, Aurelia & Balthazar.
Relator term რედაქტორი
9 (RLIN) 4592
700 ## - ADDED ENTRY--PERSONAL NAME
Personal name Gazey, Katja
Relator term რედაქტორი
9 (RLIN) 4593
700 ## - ADDED ENTRY--PERSONAL NAME
Personal name Gossel, Peter
Relator term რედაქტორი
9 (RLIN) 4594
942 ## - ADDED ENTRY ELEMENTS (KOHA)
Koha item type წიგნი
Source of classification or shelving scheme
ეგზემპლარები
Withdrawn status Lost status Source of classification or shelving scheme Damaged status Not for loan Permanent Location Current Location Shelving location Date acquired Cost, normal purchase price Full call number Barcode Date last seen Copy number Price effective from Koha item type Public note
          ტექნოლოგიური ფაკულტეტის ბიბლიოთეკა ტექნოლოგიური ფაკულტეტის ბიბლიოთეკა წიგნსაცავი 2018-12-17 70.00 72 M-78 58779 2018-12-17 58779 2018-12-17 წიგნი 70 ლ.